Qualitative Research in Education (Запис № 421646)
[ простий вигляд ]
| 000 -Лідер | |
|---|---|
| fixed length control field | 02252nam a22003017a 4500 |
| 003 - Ідентифікатор контрольного номера | |
| control field | UA-OsUOA |
| 001 - Контрольний номер | |
| control field | 136238 |
| 007 - Фіксоване поле фізичного опису | |
| fixed length control field | ta |
| 008 - Елементи даних фіксованої довжини – загальна інформація | |
| fixed length control field | 20190314b un ||||| |||| 00| 0 ukr d |
| 090 ## - Локальний шифр розміщення | |
| Авторський знак (НП) | Q-56 |
| 040 ## - Джерело каталогізації | |
| Агенція оригінальної каталогізації | UA-OsUOA |
| Мова каталогізації | eng |
| Агенція, яка здійснювала перезапис | UA-OsUOA |
| Агенція, яка здійснювала модифікацію | UA-OsUOA |
| 041 ## - Код мови | |
| Код мови тексту/ звукової доріжки чи окремого заголовка (П) | eng |
| 022 ## - Міжнародний стандартний серіальний номер (ISSN) | |
| Міжнародний стандартний серіальний номер (ISSN) | 2014-6418 |
| 245 ## - Відомості про назву | |
| Назва (НП) | Qualitative Research in Education |
| Дані про відповідальність (НП) | Jose J. Barba†, (founder editor) (1976-2016), University of Valladolid, Spain |
| 260 ## - Публікація, розповсюдження і т.п. (Вихідні дані) | |
| Дата публікації, розповсюдження і т.п. (П) | 2017 |
| 246 31 - Інша форма назви | |
| Назва (НП) | 1 |
| Номер частини/ розділ роботи (П) | |
| 520 3# - Резюме і т.п. | |
| Резюме, реферат, анотація, тощо (НП) | Qualitative Research in Education is an online journal fourth-monthly published by Hipatia which shows the results of qualitative researches aimed to promote significantly the understanding and improvement of the educational processes. Qualitative Res |
| 520 3# - Резюме і т.п. | |
| Резюме, реферат, анотація, тощо (НП) | earch in Education gathers the outcomes from the educational researches carried out in different fields, disciplines and qualitative methodological approaches. These investigations have as a final purpose to improve the educational processes or contex |
| 520 3# - Резюме і т.п. | |
| Резюме, реферат, анотація, тощо (НП) | ts. Consequently, the journal will publish disciplinary and multi-disciplinary pieces of work linked to education and more precisely to Pedagogy, Sociology, Anthropology, History, Philosophy, Linguistics, Geography, Mathematics, Physical Education, Mu |
| 520 3# - Резюме і т.п. | |
| Резюме, реферат, анотація, тощо (НП) | sic or Political Science.This scientific journal was created to meet the need for recording the increasing scientific knowledge generated from qualitative researches. Qualitative Research in Education is one of the first scientific journals on thi |
| 520 3# - Резюме і т.п. | |
| Резюме, реферат, анотація, тощо (НП) | s theme. It intends to be an international space for debate and educational reflection on participative implementations on research which involves the reality that is being investigated, the understanding of educational phenomena as well as the eviden |
| 520 3# - Резюме і т.п. | |
| Резюме, реферат, анотація, тощо (НП) | ce that can encourage not only equity and improvement of outcomes in education but also a social change.Qualitative Research in Education aims to be indexed as soon as possible within the national and international Social Science databases such as |
| 520 3# - Резюме і т.п. | |
| Резюме, реферат, анотація, тощо (НП) | ERIH, SCOPUS or Social Science Citation Index. |
| 650 #7 - Додаткове предметне введення – тематичний термін | |
| Джерело заголовка чи терміна | UDC |
| 856 40 - Електронне місцезнаходження та доступ | |
| Уніфікований ідентифікатор ресурсу (П) | http://hipatiapress.com/hpjournals/index.php/qre/issue/view/233 |
| 942 ## - Додаткові елементи входу (Коха) | |
| Тип елемента Koha | Номер журналу |
| 955 ## - Код типу видання за змістом | |
| Код типу видання за змістом (НП) | Наукові видання |
Немає доступних примірників.